000
00232 a2200097 4500
001
51028
100
_a
Taylor J
245
_a
Jane's all the world of aircraft 1985-1986
260
_a
New York
_b
Jane's Pub
_c
090
_c
32316
_d
32316
942
_a
NUST-CAE
_c
M
_c
24799
999
_c
286101
_d
286101